00151nam a2200061Ia 4500008004100000100002000041245002800061120527s9999 xx 000 0 und d aAndesirk, et al aBiology : Life on earth